000 00563nam a2200205Ia 4500
005 20240113092133.0
008 131103s9999 xx 000 0 und d
020 _a8176484520
_cRs 995
040 _aLoreto College
041 _aEnglish
082 _a370
_bCHI
100 _aChitkara, M.G.
245 _aEducation and Human Values,
_bChitakra, M. G.
260 _aNew Delhi
_bA.P.H. Publishing Corporation
_c2003
300 _axx,483p
504 _aIncludes bibliographical references and index
650 _aEducation
850 _aLCLIB
942 _cBK
999 _c4016
_d54495